000 00496cam a22001934a 4500
005 20250605164304.0
008 250528s ||||||||||||||||||||||||d
035 _a22196
020 _a9789601642239
040 _aGR-AtMCL
_bgre
_dGR-AtMCL
_eAACR2
245 1 _aΚΑΠΟΙΟΣ ΝΑ Μ'ΑΓΑΠΑΕΙ
250 _a1
260 _bΠατάκης,
_c2004
300 _a31
700 1 _aΒενιγκερ Μπριγκιττε
_98063
942 _cBK
999 _c7252
_d7252